Manual de estilo y ética periodística /

Guardado en:
Autor Principal: Hornos Paz, Octavio
Otros Autores: Nacinovich, Nevio
Formato: Libro
Publicado: Buenos Aires : Espasa Calpe Argentina, 1997
Materias:
Etiquetas: Agregar Etiqueta
Sin Etiquetas, Sea el primero en etiquetar este registro!
LEADER 00976nam a22002175a 4500
001 CEM.cems009475
005 20080908101634.0
008 130507s1997##################000#0#####d
003 CEMS
020 |a 950852121X 
082 0 4 |a 461 
100 1 |a Hornos Paz, Octavio 
245 1 0 |a Manual de estilo y ética periodística /  |c Octavio Hornos Paz, Nevio Nacinovich 
260 |a Buenos Aires :  |b Espasa Calpe Argentina,  |c 1997 
300 |a 318 p. 
505 0 |a La era de la información -- Estilos y géneros periodísticos -- Fotoperiodismo e infografía -- Principios éticos y de conducta profesional -- Otros grandes referentes de la ética profesional -- Aspectos legales vinculados con el ejercicio de la prensa -- Antecedentes de los diarios -- De la historia de La Nación -- Guía de vocablos y expresiones 
653 |a Etica 
653 |a Periodismo-ética 
653 |a Redacción 
700 1 |a Nacinovich, Nevio 
859 |a CEMS  |b BIB. CEMS - 11 de abril  |h 461  |i L11  |p 19253.97  |t Ej.1